000 00357pam a2200133 a 4500
020 _a0-07-462179-3
_c
041 _h
082 _a658.562
_bJUR/GRY
100 _aJURAN J.M.,GRYNA F.M.,
245 _aQUALITY PLANNING AND ANALYSIS
_hTextual Documents
260 _aNEW DELHI
_bTATA MCGRAW-HILL PUBLISHING CO LTD
_c1993
300 _aXXI+634
930 _a12726
999 _c132153
_d132153